000
00297nam a2200121Ia 4500
008
210430s9999 xx 000 0 und d
082
_a
004 N822I
100
_a
Norton Petter
_9
54801
245
_a
Introduction To Computers
_c
Norton Petter
260
_c
2004
300
_a
628p.
942
_c
BK
_2
ddc
999
_c
565553
_d
565553